000 00456nam a22001577a 4500
010 _aB-524253
020 _a97851111122247
_c270.00
035 _aB-524253
037 _aRP/Shahdra UBH bill No 035/4.06.2013
_bRP/Shahdra UBH Bill No 035/4.06.2013
082 _a480
100 _aThakur, A.K
245 _aGeneral English
_b/by A.K Thakur
260 _aNew Delhi
_blucent Publication
_c2012
300 _a554pgs
_b20cm(PB)
942 _2ddc
_cEN
_hTHA
_k480
999 _c84677
_d84677